MARC

LEADER 00000nam0a2200000 4500
001 123087
005 20231031130352.0
035 |a (RuTPU)RU\TPU\book\133256 
090 |a 123087 
100 |a 20071011d1988 km y0rusy50 ca 
101 0 |a rus 
102 |a KG 
105 |a af z 001zy 
200 1 |a Подземные воды Прииссыккулья и пути их рационального использования  |f И. С. Зекцер [и др.]  |g Институт гидрогеологии и инженерной геологии ; отв. ред. В. Г. Самойленко 
210 |a Фрунзе  |c Илим  |d 1988 
215 |a 204 с.  |c ил. 
320 |a Библиогр.: с.195-202. 
610 1 |a воды подземные 
610 1 |a Прииссыккулье 
610 1 |a геология 
610 1 |a водоснабжение 
675 |a 556.382  |v 3 
701 1 |a Зекцер  |b И. С. 
701 1 |a Чалов  |b П. И. 
701 1 |a Каплинский  |b М. И. 
701 1 |a Усманов  |b У. У. 
702 1 |a Самойленко  |b В. Г.  |4 340 
712 0 2 |a Всесоюзный научно-исследовательский институт гидрогеологии и инженерной геологии (ВСЕГИНГЕО)  |c (пос. Зеленый, Московская область)  |2 stltpush  |3 (RuTPU)RU\TPU\col\2061 
801 1 |a RU  |b 63413507  |c 20071011  |g PSBO 
801 2 |a RU  |b 63413507  |c 20080924  |g PSBO 
942 |c BK